Welcome to CU Library Online Public Access Catalogue (OPAC)

Construction Management/ (Record no. 1919)

MARC details
000 -LEADER
fixed length control field 00535nam a22001697a 4500
005 - DATE AND TIME OF LATEST TRANSACTION
control field 20241203105721.0
008 - FIXED-LENGTH DATA ELEMENTS--GENERAL INFORMATION
fixed length control field 241203b |||||||| |||| 00| 0 eng d
020 ## - INTERNATIONAL STANDARD BOOK NUMBER
International Standard Book Number 9780470505939
050 ## - LIBRARY OF CONGRESS CALL NUMBER
Classification number HD9175
Item number .U52H324
100 ## - MAIN ENTRY--PERSONAL NAME
Personal name Halpin, Daniel W.
245 ## - TITLE STATEMENT
Title Construction Management/
Remainder of title International Student Version
Statement of responsibility, etc. Daniel W. Halpin & Bolivar A. Senior
250 ## - EDITION STATEMENT
Edition statement 4th ed.
260 ## - PUBLICATION, DISTRIBUTION, ETC.
Place of publication, distribution, etc. Hoboken, NJ
Name of publisher, distributor, etc. John Wiley & Sons, Inc.
Date of publication, distribution, etc. 2012
300 ## - PHYSICAL DESCRIPTION
Extent xi.372p.
Other physical details ill.
Dimensions 25.5cm
700 ## - ADDED ENTRY--PERSONAL NAME
Personal name Senior, Bolivar A.
942 ## - ADDED ENTRY ELEMENTS (KOHA)
Source of classification or shelving scheme Library of Congress Classification
Koha item type Books
Edition 4th ed.
Suppress in OPAC No
999 ## -
-- 1919
-- 1919
Holdings
Withdrawn status Lost status Source of classification or shelving scheme Damaged status Not for loan Collection Home library Current library Shelving location Date acquired Total checkouts Full call number Barcode Date last seen Copy number Price effective from Koha item type
    Library of Congress Classification     Non-fiction Science Library (Miotso) Science Library (Miotso) General stacks 12/03/2024   HD9715 .U52H324 HAL SLM00001124 12/03/2024 1 12/03/2024 Books
© 2023-2024 Copyright: Central University Libraries. All Rights Reserved | Created by: Mahone Tech Office